MRI IN PRACTICE (Record no. 9022)

MARC details
000 -LEADER
fixed length control field 00444nam a22001697a 4500
005 - DATE AND TIME OF LATEST TRANSACTION
control field 20251204170942.0
008 - FIXED-LENGTH DATA ELEMENTS--GENERAL INFORMATION
fixed length control field 251203b |||||||| |||| 00| 0 eng d
020 ## - INTERNATIONAL STANDARD BOOK NUMBER
ISBN 978-1-119-39196-8
041 ## - LANGUAGE CODE
Language code of text/sound track or separate title eng
082 ## - DEWEY DECIMAL CLASSIFICATION NUMBER
Classification number 616.07 WES-M
100 ## - MAIN ENTRY--AUTHOR NAME
Personal name WESTBROOK, CATHERINE AND TALBOT, JOHN
245 ## - TITLE STATEMENT
Title MRI IN PRACTICE
260 ## - PUBLICATION, DISTRIBUTION, ETC. (IMPRINT)
Place of publication U.K.
Name of publisher WILEY BLACKWELL
Year of publication 2019
300 ## - PHYSICAL DESCRIPTION
Number of Pages 395;P
650 ## - SUBJECT ADDED ENTRY--TOPICAL TERM
Topical Term PARMEDICAL
General subdivision BMLT/BMIRT
942 ## - ADDED ENTRY ELEMENTS (KOHA)
Koha item type Books
Holdings
Lost status Damaged status Collection code Home library Current library Shelving location Date acquired Source of acquisition Cost, normal purchase price Serial Enumeration / chronology Full call number Accession Number Koha item type
    PARAMEDICAL JRU Library JRU Library SHELF-105-F 01/12/2025 PURCHASE 7735.00 LBI-000811/28-11-2025 616.07 29254 Books